Statistics for U.S. General Knowledge #16

Click here to take the quiz!

General Stats

  • This quiz has been taken 6,977 times
  • The average score is 11 of 20

Answer Stats

QuestionAnswer% Correct
What was the first name of the first First Lady of the U.S.?Martha
79%
What U.S. national park sits atop a supervolcano?Yellowstone
77%
Who stuck a feather in his cap and called it macaroni?Yankee Doodle
77%
What is the #1 cash crop in the state of North Carolina?Tobacco
76%
What celebrity claimed that her butt would "break the internet" in 2014?Kim Kardashian
75%
What branch of the U.S. government is led by the President?Executive Branch
74%
What mustachioed actor was the star of "Magnum, P.I."?Tom Selleck
67%
What "nation" has been led by Elijah Muhammad and Louis Farrakhan?Nation of {Islam}
67%
What practice was banned by the Mormon church in 1890?Polygamy
62%
Where does a candy striper work?at a Hospital
60%
In a civil trial, what is the opposite of a defendant?Plaintiff
56%
What is the last name of brothers Frasier and Niles?Crane
55%
What does the McCormick company produce?Spices
54%
What American fashion brand did Brooke Shields and Mark Wahlberg model for?Calvin Klein
50%
What member of the U.S. Supreme Court died in 2016?Antonin Scalia
44%
Who shot Mr. Burns?Maggie Simpson
44%
What group of lakes in New York state includes Lake Cayuga and Lake Seneca?Finger Lakes
44%
What mountain range includes Mt. Rainier, Mt. Hood, and Mt. Baker?The Cascades
40%
What religious group was known for making furniture, but are now extinct
because they also believed in celibacy?
Shakers
29%
According to the song, where does Yon Yonson come from? Hint: it rhymesWisconsin
20%

Score Distribution

Percentile by Number Answered

Percent of People with Each Score

Your Score History

You have not taken this quiz